'R' Film Characters Quiz Stats

 Plays Quiz Updated Feb 18, 2015

Challenge
Share
Tweet
Score 0/18 Timer 05:00
4 Plays Today
picture name % Correct
R2-D2 (Star Wars)
96.4%
Rocky Balboa (Rocky)
95.9%
Robin Hood (The Adventures of Robin Hood)
94.4%
Ray Charles (Ray)
86.3%
Ron Burgundy (Anchorman)
84.1%
Rose DeWitt Bukater (Titanic)
78.5%
Rapunzel (Tangled)
76.8%
Rocket Raccoon (Guardians of the Galaxy)
56.3%
Daniel E. 'Rudy' Ruettiger (Rudy)
53.5%
picture name % Correct
Rick Blaine (Casablanca)
52.5%
Rhett Butler (Gone with the Wind)
51.3%
Ralphie (A Christmas Story)
47.8%
Robert Langdon (The Da Vinci Code/Angels and Demons)
45.2%
Remy (Ratatouille)
44.3%
Randall Boggs (Monsters, Inc.)
44%
Regina George (Mean Girls)
43.6%
Roxie Hart (Chicago)
43.3%
Rogue (X-Men: Days of Future Past)
41.7%

You're not logged in!

Compare scores with friends on all Sporcle quizzes.
Join for Free
OR
Log In

You Might Also Like...

Show Comments

Extras

Top Quizzes Today


Score Distribution

Your Account Isn't Verified!

In order to create a playlist on Sporcle, you need to verify the email address you used during registration. Go to your Sporcle Settings to finish the process.

Report this User

Report this user for behavior that violates our Community Guidelines.

Details: